书目信息 |
| 题名: |
科学教育研究手册
|
|
| 作者: | 莱德曼 , 埃布尔 主编 ;李秀菊 , 刘晟 , 姚建欣 翻译 | |
| 分册: | 上卷 | |
| 出版信息: | 北京 外语教学与研究出版社 2022 |
|
| 页数: | 764页 | |
| 开本: | 29cm | |
| 丛书名: | ||
| 单 册: | ||
| 中图分类: | G40-034 | |
| 科图分类: | ||
| 主题词: | 科学教育学--Ke Xue Jiao Yu Xue--手册 | |
| 电子资源: | ||
| ISBN: | 978-7-5213-3184-4 | |
| 000 | 01326nam0 2200313 450 | |
| 001 | 011916973 | |
| 005 | 20241025093528.76 | |
| 010 | @a978-7-5213-3184-4@dCNY298.00 | |
| 100 | @a20241025d2022 em y0chiy50 ea | |
| 101 | 1 | @achi@ceng |
| 102 | @aCN@b110000 | |
| 105 | @aa z 000yy | |
| 106 | @ar | |
| 200 | 1 | @a科学教育研究手册@AKe Xue Jiao Yu Yan Jiu Shou Ce@h上卷@e扩增版@f(美) 诺曼·莱德曼 (Norman G. Lederman), (美) 桑德拉·埃布尔 (Sandra K. Abell) 主编@g李秀菊, 刘晟, 姚建欣主持翻译 |
| 210 | @a北京@c外语教学与研究出版社@d2022 | |
| 215 | @a764页@c图@d29cm | |
| 300 | @a中国科学研究所资助 | |
| 305 | @a由Taylor&Francis出版集团旗下的Routledge出版公司授权出版 | |
| 330 | @a本书包含四大主题:科学教育研究的理论与方法、科学学习:总论、科学学习:多样性和公正、科学教学。每个主题下包含多章内容。 | |
| 510 | 1 | @aHandbook of research on science education@hVolume Ⅱ@zeng |
| 606 | 0 | @a科学教育学@AKe Xue Jiao Yu Xue@j手册 |
| 690 | @aG40-034@v5 | |
| 701 | 1 | @a莱德曼@ALai De Man@g(Lederman, Norman G.)@4主编 |
| 701 | 1 | @a埃布尔@AAi Bu Er@g(Abell, Sandra K.)@4主编 |
| 702 | 0 | @a李秀菊@ALi Xiu Ju@4翻译 |
| 702 | 0 | @a刘晟@ALiu Sheng@4翻译 |
| 702 | 0 | @a姚建欣@AYao Jian Xin@4翻译 |
| 801 | 0 | @aCN@bAHXH@c20241025 |
| 905 | @b214159523@b214159514@b214159505@b214159499@b214159480@b214154751@f6@dG40-034@e1537:1 | |
| 科学教育研究手册.上卷:扩增版/(美) 诺曼·莱德曼 (Norman G. Lederman), (美) 桑德拉·埃布尔 (Sandra K. Abell) 主编/李秀菊, 刘晟, 姚建欣主持翻译.-北京:外语教学与研究出版社,2022 |
| 764页:图;29cm |
| 中国科学研究所资助 |
| ISBN 978-7-5213-3184-4:CNY298.00 |
| 本书包含四大主题:科学教育研究的理论与方法、科学学习:总论、科学学习:多样性和公正、科学教学。每个主题下包含多章内容。 |
| ● |
| 相关链接 |
|
|
|
|
正题名:科学教育研究手册
索取号:G40-034/1537:1
 
预约/预借
| 序号 | 登录号 | 条形码 | 馆藏地/架位号 | 状态 | 备注 |
| 1 | 1415475 | 214154751 | 第一样本阅览室/ [索取号:G40-034/1537:1] | 在馆 | |
| 2 | 1415948 | 214159480 | 第四借阅区/ [索取号:G40-034/1537:1] | 在馆 | |
| 3 | 1415949 | 214159499 | 第四借阅区/ [索取号:G40-034/1537:1] | 在馆 | |
| 4 | 1415950 | 214159505 | 第四借阅区/ [索取号:G40-034/1537:1] | 在馆 | |
| 5 | 1415951 | 214159514 | 第四借阅区/ [索取号:G40-034/1537:1] | 在馆 | |
| 6 | 1415952 | 214159523 | 第四借阅区/ [索取号:G40-034/1537:1] | 在馆 |